|
|
|
|
| LEADER |
00000nam a2200000 a 4500 |
| 001 |
vtls001075793 |
| 003 |
SK-MaSNL |
| 005 |
20260302063927.0 |
| 008 |
251031s1994 xo 0 hun |
| 015 |
|
|
|a SNBA1994/08
|
| 020 |
|
|
|a 8008022809
|
| 035 |
|
|
|a SNK000018626
|
| 040 |
|
|
|a SNK
|b slo
|c SNK
|e AACR2
|
| 041 |
0 |
|
|a hun
|
| 044 |
|
|
|a xo
|c SK
|
| 080 |
|
|
|a 372.47(075.2)=945.11
|2 1981
|
| 100 |
1 |
|
|a Kittler, Josef,
|d 1913-2002
|4 aut
|9 262856
|
| 240 |
1 |
0 |
|a Matematika pro 2. ročník základní školy
|l Maďarsky
|
| 245 |
1 |
0 |
|a Matematika az alapiskola második osztálya számára
|b Tankönyv
|c Josef Kittler, František Kuřina ; Ford. Sándor Hlavatý ; Graf. elrendezés munkája Igor Imro ; Ill. Tatiana Žitňanová
|
| 246 |
1 |
0 |
|a Matematika pre 2. ročník základnej školy s vyučovacím jazykom maďarským
|
| 250 |
|
|
|a 1. kiad.
|
| 260 |
|
|
|a Bratislava
|b Slovenské pedagogické nakladateľstvo
|c 1994
|e Bratislava
|f Svornosť
|
| 300 |
|
|
|a 80 s.
|b Sch., tab.
|c 21 cm
|
| 500 |
|
|
|a Schválilo MŠ a vedy SR
|
| 655 |
|
7 |
|a učebnice
|2 SNK
|9 22521
|
| 700 |
1 |
|
|a Kuřina, František,
|d 1932-
|4 aut
|9 262857
|
| 700 |
1 |
|
|a Hlavatý, Sándor
|4 trl
|9 44252
|
| 700 |
1 |
|
|a Imro, Igor,
|d 1943-
|4 bkd
|9 86339
|
| 700 |
1 |
|
|a Žitňanová, Tatiana,
|d 1956-
|4 ill
|9 86022
|
| 852 |
|
|
|a Slovenská národná knižnica
|
| 919 |
|
|
|a 80-08-02280-9
|
| 954 |
|
|
|a matematika
|
| 958 |
|
|
|a TL
|
| 958 |
|
|
|a OP
|
| 958 |
|
|
|a HU
|
| 958 |
|
|
|a CZ
|
| 958 |
|
|
|a UX
|
| 958 |
|
|
|a NS
|
| 968 |
|
|
|a [Mag]
|b ČES
|d A mű ered. cseh címe
|
| 999 |
|
|
|c 1134835
|d 1136765
|
| 952 |
|
|
|t P60, <04>, [BOOK], {604}
|a SNK
|b SNK
|y VYP
|7 0
|p 17A0243739
|o snkSC 86289 D1
|0 0
|1 0
|4 0
|d 2000-06-13
|l 0
|r 2004-12-31 00:00:00
|w 2026-02-24
|